Before and After Gender (Record no. 17871)

MARC details
000 -LEADER
fixed length control field 00676nam a2200133Ia 4500
008 - FIXED-LENGTH DATA ELEMENTS--GENERAL INFORMATION
fixed length control field 220615s9999||||xx |||||||||||||| ||und||
100 ## - MAIN ENTRY--PERSONAL NAME
Personal name Strathern, Marilyn
245 #0 - TITLE STATEMENT
Title Before and After Gender
Remainder of title Sexual Mythologies of Everyday Life
546 ## - LANGUAGE NOTE
Language note English[eng]
650 ## - SUBJECT ADDED ENTRY--TOPICAL TERM
Topical term or geographic name entry element Anthropology||papua new guinea||africa||uk||united kingdom||feminism||sex||gender||Bemba language||Division of labour||Sexual intercourse
700 ## - ADDED ENTRY--PERSONAL NAME
Personal name Franklin, Sarah
856 ## - ELECTRONIC LOCATION AND ACCESS
Uniform Resource Identifier <a href="https://library.oapen.org/bitstream/20.500.12657/30246/1/648332.pdf||https://library.oapen.org/bitstream/20.500.12657/30246/1/648332.pdf||https://library.oapen.org/bitstream/20.500.12657/30246/1/648332.pdf">https://library.oapen.org/bitstream/20.500.12657/30246/1/648332.pdf||https://library.oapen.org/bitstream/20.500.12657/30246/1/648332.pdf||https://library.oapen.org/bitstream/20.500.12657/30246/1/648332.pdf</a>
942 ## - ADDED ENTRY ELEMENTS (KOHA)
Koha item type E-Books
Holdings
Withdrawn status Lost status Damaged status Not for loan Home library Current library Date acquired Total Checkouts Date last seen Price effective from Koha item type
        Kerala University of Digital Sciences, Innovation and Technology Knowledge Centre Kerala University of Digital Sciences, Innovation and Technology Knowledge Centre 15/06/2022   15/06/2022 15/06/2022 E-Books